000 00465nmm a2200169Ia 4500
008 251105s9999||||xx |||||||||||||||||und||
020 _a9788496831179
041 _aspa
100 _aZavala, Iris. M
245 0 _aPercanta que me amuraste
264 _a[Madrid, España] :
_bMontesinos,
_c2007
300 _a171 páginas
490 _aNarrativa
650 _aLatin American narrative
856 _uhttps://public.digitaliapublishing.com/a/24411
942 _cCF
999 _c90130
_d90130